000 01928cam a22004454a 4500
001 13626418
003 OSt
005 20211108101054.0
008 040617s2007 dcuabf b 001 0 eng
010 _a 2004014391
020 _a1891853910 (cloth : alk. paper)
020 _a9781891853913 (cloth : alk. paper)
020 _a1891853929 (pbk. : alk. paper)
020 _a9781891853920 (pbk. : alk. paper)
035 _a(OCoLC)ocm55746835
035 _a(OCoLC)55746835
040 _aDLC
_cHU
_dBAKER
_dBTCTA
_dC#P
_dYDXCP
_dDLC
042 _apcc
050 0 0 _aGN407.4
_b.V65 2007
082 0 0 _a306.3/49CAI 2007
_222
245 0 0 _aVoices from the forest :
_bintegrating indigenous knowledge into sustainable upland farming /
_cMalcolm Cairns, editor.
260 _aWashington, DC :
_bResources for the Future,
_cc2007.
300 _axv, 826 p., [32] p. of plates :
_bill. (some col.), maps ;
_c26 cm.
500 _a"An RFF Press book"--T.p. verso.
504 _aIncludes bibliographical references and indexes.
650 0 _aTraditional farming.
_917222
650 0 _aShifting cultivation.
_917223
650 0 _aSustainable agriculture.
_912029
650 0 _aFallow lands.
_917224
650 0 _aIndigenous peoples
_xEcology.
_917225
650 0 _aForest degradation.
_917226
650 0 _aForest conservation.
_911239
700 1 _aCairns, Malcolm.
_917227
856 4 2 _3Contributor biographical information
_uhttp://www.loc.gov/catdir/bios/jhu051/2004014391.html
856 4 2 _3Publisher description
_uhttp://www.loc.gov/catdir/description/jhu051/2004014391.html
856 4 1 _3Table of contents
_uhttp://www.loc.gov/catdir/toc/ecip0419/2004014391.html
906 _a7
_bcbc
_corignew
_d1
_eecip
_f20
_gy-gencatlg
942 _2ddc
_cBOOKS
_n0
999 _c17079
_d17079